000 00570nam a2200205Ia 4500
005 20240803083240.0
008 131103s9999 xx 000 0 und d
020 _a0-7126-0774-9
040 _aLoreto College
041 _aEnglish
082 _a523.112
_bCOU
100 _aCouper , Heather
245 4 _aThe Universe
_cby Heather couper and David Petham
260 _a[s.l.]
_bCentury Publishing
_c[?]
504 _aIt is a three dimentional popup book
650 _aAstronomy
651 _aUniverse ,galaxies ,quasars - Galaxies
850 _aLCLIB
942 _cBK
999 _c339
_d50818